000 01648nam0a2200337 i 4500
001 RU\NLR\BIBL_A\010795768
005 20241104152243.0
010 _a9785386083502
021 _aRU
_b2015-43664
_92584
035 _a(NILC)RuMoRGB-007953186
035 _a(NLR Aleph) 010795768
090 _a10135582
_c10135582
100 _a20150702d2015 u y0rusy50 ca
101 1 _arus
_cfre
102 _aRU
105 _aa|||z||||||za
200 1 _aСоль Земли
_eавтобиография величайшего фотографа современности, фильм о котором номинирован на "Оскар"
_fСебастьян Сальгадо в соавторстве с Изабель Франк
_g[пер. с фр. Т. Михайловой]
210 _aМосква
_cРИПОЛ классик
_d2015
215 _a158, [1] с., [8] л. ил.
_d25
300 _aЗагл. и авт. ориг.: De ma terre a la Terre / Sebastião Salgado avec Isabelle Francq
454 0 _12001#$aDe ma terre a la Terre$fSebastião Salgado avec Isabelle Francq
_1700#1$aSalgado$f1944-$bS.$gSebastião
_1701#1$aFrancq$bI.$gIsabelle
_tDe ma terre a la Terre
_aSalgado, Sebastião (1944-)
600 1 _aСальгадо
_bС.
_f1944
_gСебастьяно
_xАвтобиография
_92242504
_3RU\NLR\AUTH\6601576804
686 1 _aЩ163(7Бр)6-8Сальгадо
700 1 _aСальгадо
_bС.
_f1944-
_gСебастьян
701 1 _aФранк
_bИ.
_gИзабель
801 0 _aRU
_bРГБ
_c20150615
_gRCR
801 1 _aRU
_bРГБ
_c20150615
_2rusmarc
942 _cBOOK
980 _aNBR